Online
Catalog

Libros dominicanos buscados sobre literatura : (Record no. 31189)

MARC details
000 -CABECERA
campo de control de longitud fija 00479nam a2200145 a 4500
001 - NÚMERO DE CONTROL
campo de control 000031697
005 - FECHA Y HORA DE LA ÚLTIMA TRANSACCIÓN
campo de control 20200930063118.0
008 - DATOS DE LONGITUD FIJA--INFORMACIÓN GENERAL
campo de control de longitud fija 110630s2002 dr 000 0 spa d
040 ## - FUENTE DE LA CATALOGACIÓN
Centro catalogador/agencia de origen DO-SdBNP
Lengua de catalogación spa
Centro/agencia transcriptor BNPHU
049 ## - FONDOS LOCALES (OCLC)
Fondos de biblioteca BNPD
100 1# - ENTRADA PRINCIPAL--NOMBRE DE PERSONA
Nombre de persona Hernández, Jesús
9 (RLIN) 5470
245 10 - MENCIÓN DE TÍTULO
Título Libros dominicanos buscados sobre literatura :
Resto del título campaña 2001-2002 /
Mención de responsabilidad, etc. P. Jesús Hernández.
260 ## - PUBLICACIÓN, DISTRIBUCIÓN, ETC.
Lugar de publicación, distribución, etc. Santo Domingo :
Nombre del editor, distribuidor, etc. Biblioteca Antillense Salesiana (Bas),
Fecha de publicación, distribución, etc. [2002].
300 ## - DESCRIPCIÓN FÍSICA
Extensión 33 p. ;
Dimensiones 22 cm.
Holdings
Estado de retiro Estado de pérdida No para préstamo Código de colección Localización permanente Ubicación/localización actual Ubicación en estantería Fecha de adquisición Número de inventario Total de préstamos Signatura topográfica completa Código de barras Fecha visto por última vez Precio válido a partir de Tipo de ítem Koha
    Excluido de préstamo Patrimonio Dominicano Patrimonio Dominicano Patrimonio Dominicano En catalogación 30.06.2011 LF1   31697-10 25.06.2020 25.06.2020 Libro y Folleto Colección Patrimonio Dominicano

Powered by Koha